000 00599nam a2200229Ia 4500
003 BUBTL
008 151213s9999 xx 000 0 und d
020 _a984-8372-10-5
082 _a343.025492/K113l
100 _aDr. L. Kabir
_93985
245 _aLands Law of Bangladesh
_cDr. L. Kabir
250 _a3rd
260 _aDhaka
_bAin Prokashan
_cc2008
300 _a[xviii] , 285p . :
_b21 cm.
500 _aIncludes Index
650 _aLaw
_93986
650 _aLaw
_93986
700 _aDr. L. Kabir
_93985
856 _k0
_l0
_yDownload
942 _2ddc
_cBK
999 _c3420
_d3420